=LDR 00000nam 2200000 4500 =001 INLIS000000000049192 =005 20230102024237 =035 ##$$a 0010-011700000000473 =008 230102################g##########0#ind## =020 ##$$a 978.602.1130.52.9 =040 ##$$a NBPDMAT =082 ##$$a R. 297.510 3 =090 ##$$a R.297.510 3 $bEns e =245 ##$$a Ensiklopedia kisah-kisah teladan jilid 2 : $b Kisah-kisah paling mengharukan /$c Tim Redaksi ; Penyunting Erlina Zachi =250 ##$$a Cet. 1 =260 ##$$a Surakarta :$b Ziyad Books,$c 2015 =300 ##$$a 442 hlm. : $b ilus. ; $c 28 x 20 cm. =650 #4$$a Akhlak - Ensiklopedia =700 #$$a Erlina Zachi =850 ##$$a NBPDMAT =084 ##$$a R. 297.510 3 ENS e II =990 ##$$a 21602446 =990 ##$$a 21602447 =990 ##$$a 21602448 =990 ##$$a 21602449 =990 ##$$a 21602450 =990 ##$$a 21602451 =990 ##$$a 21602452 =990 ##$$a 21602453 =990 ##$$a 21602454 =990 ##$$a 21602455 =990 ##$$a 21602441 =990 ##$$a 21602442 =990 ##$$a 21602444 =990 ##$$a 21602443 =990 ##$$a 21602445 =990 ##$$a 21602446 =990 ##$$a 21602447 =990 ##$$a 21602448 =990 ##$$a 21602449 =990 ##$$a 21602450 =990 ##$$a 21602451 =990 ##$$a 21602452 =990 ##$$a 21602453 =990 ##$$a 21602454 =990 ##$$a 21602455 =990 ##$$a 21602441 =990 ##$$a 21602442 =990 ##$$a 21602444 =990 ##$$a 21602443 =990 ##$$a 21602445 =990 ##$$a 21602442 =990 ##$$a 21602446 =990 ##$$a 21602447 =990 ##$$a 21602448 =990 ##$$a 21602449 =990 ##$$a 21602450 =990 ##$$a 21602451 =990 ##$$a 21602452 =990 ##$$a 21602453 =990 ##$$a 21602454 =990 ##$$a 21602455 =990 ##$$a 21602441 =990 ##$$a 21602444 =990 ##$$a 21602443 =990 ##$$a 21602445 =990 ##$$a 21602447 =990 ##$$a 21602446 =990 ##$$a 21602448 =990 ##$$a 21602449 =990 ##$$a 21602450 =990 ##$$a 21602451 =990 ##$$a 21602452 =990 ##$$a 21602453 =990 ##$$a 21602454 =990 ##$$a 21602455 =990 ##$$a 21602441 =990 ##$$a 21602442 =990 ##$$a 21602444 =990 ##$$a 21602443 =990 ##$$a 21602445 =990 ##$$a 21602446 =990 ##$$a 21602447 =990 ##$$a 21602448 =990 ##$$a 21602449 =990 ##$$a 21602450 =990 ##$$a 21602451 =990 ##$$a 21602452 =990 ##$$a 21602453 =990 ##$$a 21602454 =990 ##$$a 21602455 =990 ##$$a 21602441 =990 ##$$a 21602442 =990 ##$$a 21602444 =990 ##$$a 21602443 =990 ##$$a 21602445 =990 ##$$a 21602450 =990 ##$$a 21602446 =990 ##$$a 21602447 =990 ##$$a 21602448 =990 ##$$a 21602449 =990 ##$$a 21602451 =990 ##$$a 21602452 =990 ##$$a 21602453 =990 ##$$a 21602454 =990 ##$$a 21602455 =990 ##$$a 21602441 =990 ##$$a 21602442 =990 ##$$a 21602444 =990 ##$$a 21602443 =990 ##$$a 21602445 =990 ##$$a 21602449 =990 ##$$a 21602446 =990 ##$$a 21602447 =990 ##$$a 21602448 =990 ##$$a 21602450 =990 ##$$a 21602451 =990 ##$$a 21602452 =990 ##$$a 21602453 =990 ##$$a 21602454 =990 ##$$a 21602455 =990 ##$$a 21602441 =990 ##$$a 21602442 =990 ##$$a 21602444 =990 ##$$a 21602443 =990 ##$$a 21602445 =990 ##$$a 21602447 =990 ##$$a 21602446 =990 ##$$a 21602448 =990 ##$$a 21602449 =990 ##$$a 21602450 =990 ##$$a 21602451 =990 ##$$a 21602452 =990 ##$$a 21602453 =990 ##$$a 21602454 =990 ##$$a 21602455 =990 ##$$a 21602441 =990 ##$$a 21602442 =990 ##$$a 21602444 =990 ##$$a 21602443 =990 ##$$a 21602445 =990 ##$$a 21602448 =990 ##$$a 21602446 =990 ##$$a 21602447 =990 ##$$a 21602449 =990 ##$$a 21602450 =990 ##$$a 21602451 =990 ##$$a 21602452 =990 ##$$a 21602453 =990 ##$$a 21602454 =990 ##$$a 21602455 =990 ##$$a 21602441 =990 ##$$a 21602442 =990 ##$$a 21602444 =990 ##$$a 21602443 =990 ##$$a 21602445 =990 ##$$a 21602443 =990 ##$$a 21602446 =990 ##$$a 21602447 =990 ##$$a 21602448 =990 ##$$a 21602449 =990 ##$$a 21602450 =990 ##$$a 21602451 =990 ##$$a 21602452 =990 ##$$a 21602453 =990 ##$$a 21602454 =990 ##$$a 21602455 =990 ##$$a 21602441 =990 ##$$a 21602442 =990 ##$$a 21602444 =990 ##$$a 21602445 =990 ##$$a 21602442 =990 ##$$a 21602446 =990 ##$$a 21602447 =990 ##$$a 21602448 =990 ##$$a 21602449 =990 ##$$a 21602450 =990 ##$$a 21602451 =990 ##$$a 21602452 =990 ##$$a 21602453 =990 ##$$a 21602454 =990 ##$$a 21602455 =990 ##$$a 21602441 =990 ##$$a 21602444 =990 ##$$a 21602445 =990 ##$$a 21602450 =990 ##$$a 21602446 =990 ##$$a 21602447 =990 ##$$a 21602448 =990 ##$$a 21602449 =990 ##$$a 21602451 =990 ##$$a 21602452 =990 ##$$a 21602453 =990 ##$$a 21602454 =990 ##$$a 21602455 =990 ##$$a 21602444